• 首页
  • 本馆介绍
  • 公告通知
  • 最新文献
  • 馆藏检索
  • 电子资源
  • 读者导购
  • 参考咨询
  • 我的图书馆
  • 登录
  • 详细信息显示
  • 放入我的书架
  • 预约/预借图书
  • 作者相关作品
  • 分类相关作品
  • 丛书相关作品
  • 出版社相关作品

书目信息

  • 表格格式
  • 工作单格式
  • 卡片格式
题名:
雪线信使
    
 
作者: 李娅妮 , 兰色拉姆 著
分册:  
出版信息: 成都   四川民族出版社  2019
页数: 231页
开本: 23cm
丛书名:
单 册:
中图分类: K828.1=76 , K828.1
科图分类:
主题词: 工人--先进事迹--西藏--现代
电子资源:
ISBN: 978-7-5409-8325-3
000 01029nam0 2200253 450
001 2358850136
005 20231104162052.01
010    @a978-7-5409-8325-3@dCNY60.00
100    @a20200408d2019 em y0chiy50 ea
100 0  @a其美多吉(1963- )
101 0  @achi
102    @aCN@b510000
105    @aa z 000yd
200 1  @a雪线信使@Axue xian xin shi@e“时代楷模”其美多吉@f李娅妮,兰色拉姆著
210    @a成都@c四川民族出版社@d2019
215    @a231页@c彩图,彩照@d23cm
330    @a本书以其美多吉毕其一生扎根甘孜藏区、终年穿行雪线邮路的先进事迹为切入点,讲述了他将党中央的声音、祖国各地的邮件送往雪域高原各个角落的种种困难与曲折,展现了一个群体几代人乃至百万甘孜儿女凭借勇气、毅力和智慧,真实反映了以其美多吉为代表的“藏区英雄”们,为实现藏区稳定、民族团结、经济繁荣、社会发展作出的积极贡献。
606 0  @a工人@x先进事迹@y西藏@z现代
690    @aK828.1=76@v5
690    @aK828.1@v4
701  0 @a李娅妮@Ali ya ni@4著
701  0 @a兰色拉姆@Alan se la mu@4著
801  0 @aCN@b91MARC@c20200408
905    @aZUCC@dK828.1@e23
    
    雪线信使:“时代楷模”其美多吉/李娅妮,兰色拉姆著.-成都:四川民族出版社,2019
    231页:彩图,彩照;23cm
    
    
    ISBN 978-7-5409-8325-3:CNY60.00
    本书以其美多吉毕其一生扎根甘孜藏区、终年穿行雪线邮路的先进事迹为切入点,讲述了他将党中央的声音、祖国各地的邮件送往雪域高原各个角落的种种困难与曲折,展现了一个群体几代人乃至百万甘孜儿女凭借勇气、毅力和智慧,真实反映了以其美多吉为代表的“藏区英雄”们,为实现藏区稳定、民族团结、经济繁荣、社会发展作出的积极贡献。
●
相关链接 在五车中查询图书 在当当中查询图书 在豆瓣中查询图书


正题名:雪线信使     索取号:K828.1/23         预约/预借

序号 登录号 条形码 馆藏地/架位号 状态 备注
1 2001038511   2001038511   培训中心一楼图书角/培训中心东6行5列/ [索取号:K828.1/23] 在馆    
2 2001038512   2001038512   培训中心一楼图书角/培训中心东6行5列/ [索取号:K828.1/23] 在馆    
3 2001038513   2001038513   培训中心一楼图书角/培训中心东6行5列/ [索取号:K828.1/23] 在馆    
4 2001038514   2001038514   第四书库/四31架A面1层3列/ [索取号:K828.1/23] 在馆    
5 2001038515   2001038515   第四书库/四31架A面1层3列/ [索取号:K828.1/23] 在馆    
6 2001038516   2001038516   第四书库/四31架A面1层3列/ [索取号:K828.1/23] 在馆    
山东省滨州职业学院图书馆 欢迎您!
大连网信软件有限公司© 版权所有